| 000 | 00371nam a2200097Ia 4500 | ||
|---|---|---|---|
| 008 | 180130s9999 xx 000 0 und d | ||
| 245 |
_cD, Soldani; A, Manzalini _aA 5G infrastructure for "anything-as-a-service" for communication |
||
| 260 | _c2015 | ||
| 300 | _aBook title: Elements of data communication--Acession number C20540; pages 85-106 | ||
| 650 | _aDATA COMMUNICATION | ||
| 999 |
_c353858 _d353858 |
||